Teknik ikhtiar hidup

Bibliographic Details
Main Author: MOHD. Yusof Abdullah
Format: Book
Published: Kuala Lumpur : DBP , 1995
Subjects:

MARC

LEADER 00000cam a2200000 7i4500
001 0000000115
005 20000704.0
020 0 0 |a 9836249753 
090 0 0 |a 355.54   |b MOH 1995 
100 0 0 |a MOHD. Yusof Abdullah 
245 1 0 |a Teknik ikhtiar hidup   |c Mohd. Yusof Abdullah 
260 0 0 |a Kuala Lumpur :   |b DBP ,   |c 1995 
300 |a viii, 195 p. :   |b ill. ;   |c 22 cm. 
650 0 0 |a Outdoor life 
650 0 0 |a Wilderness survival 
999 |a 0000001326   |b Monograph   |c Open Shelf   |e Default branch